|
|
|
|
| LEADER |
00000cam a2200000 a 4500 |
| 001 |
26628 |
| 005 |
20230308180405.0 |
| 008 |
001090|1999 ||||||||r|||||||||||spa|| |
| 020 |
|
|
|a 958 95049 2 2
|
| 040 |
|
|
|b spa
|
| 041 |
1 |
|
|a spa
|
| 082 |
0 |
|
|a 618.2
|
| 245 |
|
|
|a Obstetricia y ginecología: texto integrado
|c Jaime Botero Uribe editor, Alfonso Júbiz Hazbún editor, Guillermo Henao editor
|h imp
|
| 250 |
|
|
|a 6a ed.
|
| 264 |
|
|
|a Antioquia
|b Universidad de Atioquia
|c 1999
|
| 300 |
|
|
|a xiv; 670 páginas:
|b ilu
|c 29x22 cm
|
| 650 |
1 |
|
|a Obstetricia
|9 81569
|
| 650 |
1 |
0 |
|a Ginecología
|9 86503
|
| 700 |
1 |
|
|a Botero Uribe, Jaime.
|9 84604
|
| 700 |
1 |
|
|a Júbiz Hazbún, Alfonso
|e editor
|9 87303
|
| 700 |
1 |
|
|a Henao, Guillermo.
|9 84606
|
| 852 |
|
|
|a UC-SALUD
|c ESTANTERIA ABIERTA
|f Compra
|k teresa.bermeoh
|l 1
|m General
|p 20010906
|q 550.000,00
|r 1
|t 26628
|w Medicina y Cirugía
|b 0
|d CDRS
|e CDRS
|g 618.2 ESTANTERIA ABIERTA
|z 2001-10-90
|
| 942 |
|
|
|c BK
|0 1
|
| 999 |
|
|
|c 52688
|d 52688
|